000 00746cab a2200241 4500
001 WB2910-63
008 090401t1993 xxu||||| |||| 00| 0 eng d
035 _a(Sirsi) u68304
041 _aeng
245 _aFarm profits boom briefly
260 _c1993
350 _a0
490 _aFinancial Times
_v9 March 1993, 28(1)
520 _aWithdrawal from the ERM and the devaluation of sterling and the `green pound` means that UK arable farms will make better profits in 1993 but the effect of CAP reforms will catch up with the farmer by 1995.
650 _aCAP REFORM
650 _aDEVALUATION
650 _aERM
650 _aFARM INCOMES
650 _aGREEN POUND
690 _aRURAL PRACTICE
942 _n0
948 _c04/03/1997
999 _c42851
_d42851